000 00350nam a22001457a 4500
999 _c256975
_d256974
003 OSt
005 20230728144120.0
008 180720b xxu||||| |||| 00| 0 eng d
020 _a9781594489501
040 _cN/A
100 _aKhaled Hosseini
245 _aAthousand spendid suns
260 _aNew York
_bPenguin Group Inc
_c2003
942 _2lcc
_cBK